Communes in Denmark - Statistics

General Stats
  • This quiz has been taken 28 times
  • The average score is 41 of 98
Answer Stats
Answer % Correct
København
89%
Odense
79%
Aarhus
74%
Aalborg
68%
Kolding
68%
Esbjerg
63%
Esbjerg
63%
Helsingør
63%
Assens
58%
Faaborg-Midtfyn
58%
Køge
58%
Lolland
58%
Middelfart
58%
Næstved
58%
Roskilde
58%
Tønder
58%
Bornholm
53%
Brøndby
53%
Frederikssund
53%
Haderslev
53%
Herning
53%
Horsens
53%
Ishøj
53%
Nyborg
53%
Silkeborg
53%
Svendborg
53%
Aabenraa
47%
Ærø
47%
Billund
47%
Fredericia
47%
Hillerød
47%
Holbæk
47%
Lyngby-Taarbæk
47%
Nordfyn
47%
Samsø
47%
Slagelse
47%
Sønderborg
47%
Sorø
47%
Vejle
47%
Viborg
47%
Dragør
42%
Frederikshavn
42%
Gentofte
42%
Hjørring
42%
Høje Taastrup
42%
Holstebro
42%
Kalundborg
42%
Langeland
42%
Randers
42%
Ringsted
42%
Skive
42%
Vejen
42%
Albertslund
37%
Allerød
37%
Fanø
37%
Faxe
37%
Furesø
37%
Gladsaxe
37%
Gribskov
37%
Hedensted
37%
Hvidovre
37%
Ikast-Brande
37%
Kerteminde
37%
Lemvig
37%
Ringkøbing-Skjern
37%
Struer
37%
Syddjurs
37%
Thisted
37%
Brønderslev
32%
Egedal
32%
Fredensborg
32%
Guldborgsund
32%
Jammerbugt
32%
Mariagerfjord
32%
Mors
32%
Norddjurs
32%
Odder
32%
Skanderborg
32%
Solrød
32%
Tårnby
32%
Varde
32%
Vordingborg
32%
Favrskov
26%
Glostrup
26%
Halsnæs
26%
Læsø
26%
Rebild
26%
Rødovre
26%
Rudersdal
26%
Stevns
26%
Vesthimmerland
26%
Ballerup
21%
Greve
21%
Herlev
21%
Hørsholm
21%
Lejre
21%
Odsherred
16%
Vallenbæk
16%
No matching quizzes found
Score Distribution
Percent of People with Each Score
Percentile by Number Answered
Your Score History
You have not taken this quiz